Library Logo

Pioneer International University Library Catalogue

MANENO YA MOTO KUTOKA CHINA (Record no. 9503)

MARC details
000 -LEADER
fixed length control field 00349nam a22001337a 4500
005 - DATE AND TIME OF LATEST TRANSACTION
control field 20250901165816.0
008 - FIXED-LENGTH DATA ELEMENTS--GENERAL INFORMATION
fixed length control field 250402b |||||||| |||| 00| 0 eng d
020 ## - INTERNATIONAL STANDARD BOOK NUMBER
International Standard Book Number 9789966028570
050 ## - LIBRARY OF CONGRESS CALL NUMBER
Classification number PL 2877 .M35 2015
245 ## - TITLE STATEMENT
Title MANENO YA MOTO KUTOKA CHINA
Statement of responsibility, etc. MAJIA JIDI
260 ## - PUBLICATION, DISTRIBUTION, ETC.
Place of publication, distribution, etc. NAIROBI
Name of publisher, distributor, etc. TWAWEZA COMMUNICATIONS
Date of publication, distribution, etc. 2015
300 ## - PHYSICAL DESCRIPTION
Extent 128
942 ## - ADDED ENTRY ELEMENTS (KOHA)
Source of classification or shelving scheme Library of Congress Classification
Holdings
Withdrawn status Lost status Source of classification or shelving scheme Damaged status Not for loan Collection Home library Current library Shelving location Date acquired Source of acquisition Total checkouts Full call number Barcode Date last seen Price effective from Koha item type
    Library of Congress Classification       Main Library Main Library   04/02/2025 DONATION FROM KICD   PL 2877 .M35 2015 PIUD0000561 04/02/2025 04/02/2025 Books
    Library of Congress Classification       Main Library Main Library   04/02/2025 DONATION FROM KICD   PL 2877 .M35 2015 PIUD0000562 04/02/2025 04/02/2025 Books